000
00307nam a22001337a 4500
008
171108b xxu||||| |||| 00| 0 eng d
020
_a
2900070091671
041
_a
eng
080
_2
5 ED
_a
330.322
100
_a
64
101
_a
INV
245
_a
FUNDAMENTALS OF INVESTMENT
_c
MILLER.J
942
_2
udc
_c
BK
999
_c
38219
_d
38219